| 000 | 01310nam a22002897a 4500 | ||
|---|---|---|---|
| 001 | BD-DhSAU 8800 | ||
| 003 | BD-DhSAU | ||
| 005 | 20181212120313.0 | ||
| 008 | 150612b2013 bg a|||| m||| 00| 0 eng d | ||
| 040 | _aBD-DhSAU | ||
| 082 |
_222 _a595.7 _bR1835 |
||
| 100 |
_aNabi, Ahmed Rashed-Un _eRegistration no. # 06-02012 |
||
| 245 |
_aGrowth and yield of sesame as influenced by popultry manure and nitrogenous fertilizer / _bMS thesis _cAhmed Rashed-Un Nabi, |
||
| 260 |
_aSher-e-Bangla Agricultural Uniersity : _bDepartment of Agricultural Chemistry, _c2013. |
||
| 300 |
_axvi,92 p. : _bill. ; _c30 cm. |
||
| 500 | _aMS thesis of Department of Agricultural Chemistry , Faculty of Agriculture, Sher-e-Bangla Agricultural University, Dhaka, Bangladesh | ||
| 504 | _aIncludes bibliographical reference. | ||
| 590 | _aerfat | ||
| 650 | _aAgricultural Chemistry | ||
| 650 | _aGrowth and yield of sesame as influenced | ||
| 650 | _aPopultry manure and nitrogenous fertilizer | ||
| 650 | _ayield and nutrient content of okra | ||
| 700 |
_aBegum, Rokeya _eSuperviser |
||
| 700 |
_aZamil, Sheikl Shawkat _eCo-superviser |
||
| 856 | _uhttp://archive.saulibrary.edu.bd:8080/xmlui/handle/123456789/1986 | ||
| 942 |
_2ddc _cTHESIS |
||
| 999 |
_c8800 _d8800 |
||